| 000 | 00406nam a2200181Ia 4500 | ||
|---|---|---|---|
| 001 | 23767 | ||
| 005 | 20260414150959.0 | ||
| 008 | 260414t1944||||xx |||||||||||||| ||spa|| | ||
| 041 | _aESP | ||
| 082 |
_a709 _bF28R |
||
| 100 |
_aFaure, Elie, _eAUT |
||
| 245 | 0 |
_aEl renacimiento _b |
|
| 260 | _c1944 | ||
| 300 |
_a360 páginas : _c25 cm. |
||
| 650 | _aABD | ||
| 654 | _aCAU | ||
| 942 |
_cLIB _dJUS _fJUS _2ddc _n |
||
| 999 |
_c23767 _d23767 |
||